BIBLIOTECA

SENCICO

Estadística elemental con 300 problemas resueltos / (Registro nro. 469)

Detalles MARC
000 -LEADER
fixed length control field 00881nam a2200217Ia 4500
003 - CONTROL NUMBER IDENTIFIER
control field PE SENCICO BE
005 - DATE AND TIME OF LATEST TRANSACTION
control field 20251020182438.0
008 - FIXED-LENGTH DATA ELEMENTS--GENERAL INFORMATION
fixed length control field 200515s9999 xx 000 0 und d
040 ## - CATALOGING SOURCE
Original cataloging agency PE SENCICO BE
Transcribing agency PE SENCICO BE
041 ## - LANGUAGE CODE
Language code of text/sound track or separate title spa
082 ## - DEWEY DECIMAL CLASSIFICATION NUMBER
Classification number 519.5
Item number A92
100 1# - MAIN ENTRY--PERSONAL NAME
Personal name Ávila Acosta, R. B.
9 (RLIN) 3221
Relator term autor
245 10 - TITLE STATEMENT
Title Estadística elemental con 300 problemas resueltos /
Statement of responsibility, etc. Roberto B. Avila Acosta
250 ## - EDITION STATEMENT
Edition statement [1a ed.]
260 ## - PUBLICATION, DISTRIBUTION, ETC.
Place of publication, distribution, etc. Lima :
Name of publisher, distributor, etc. Estudios y Ediciones ;
Date of publication, distribution, etc. 2003
300 ## - PHYSICAL DESCRIPTION
Extent 374 páginas :
Other physical details tablas, gráficos ;
Dimensions 24 cm.
505 0# - FORMATTED CONTENTS NOTE
Formatted contents note Recolección de datos -- Presentación de datos -- Reducción de los datos -- Números índices -- Distribuciones bidimensionales de frecuencia - Regresión y correlación -- Series cronológicas -- Introducción a la probabilidad
650 10 - SUBJECT ADDED ENTRY--TOPICAL TERM
Topical term or geographic name entry element Estadística
9 (RLIN) 1473
650 20 - SUBJECT ADDED ENTRY--TOPICAL TERM
Topical term or geographic name entry element Probabilidades
9 (RLIN) 264
942 ## - ADDED ENTRY ELEMENTS (KOHA)
Koha item type Libros
Source of classification or shelving scheme Dewey Decimal Classification
Existencias
Fecha de la última vez que lo usaron Número de ingreso o de inventario Pago total Signatura topográfica completa Código de barras Precio efectivo desde Tipo de documento Estado perdido Sistema de clasificación Estado dañado No es para préstamo Retirado Ubicación permanente Ubicación actual Fecha de adquisición
15/05/2020 12758   519.5/A92 BibLima25070041 15/05/2020 Libros   Dewey Decimal Classification       Biblioteca Central Lima Biblioteca Central Lima 15/05/2020